The home purchaser's reliance on the mortgage valuation (Record no. 100475)

MARC details
000 -LEADER
fixed length control field 00793cam a2200181 4500
001 - CONTROL NUMBER
control field J105805
008 - FIXED-LENGTH DATA ELEMENTS--GENERAL INFORMATION
fixed length control field 000000n2000 000 0 eng u
035 ## - SYSTEM CONTROL NUMBER
System control number (Sirsi) u105805
041 ## - LANGUAGE CODE
Language code of text/sound track or separate title eng
050 ## - LIBRARY OF CONGRESS CALL NUMBER
Classification number 333.332
-- 18
100 ## - MAIN ENTRY--PERSONAL NAME
Personal name Crane, Robert
245 #4 - TITLE STATEMENT
Title The home purchaser's reliance on the mortgage valuation
Remainder of title a thesis submitted in partial fulfilment of the requirements of the University of Westminster for the degree of Master of Philosophy, December 1998
260 ## - PUBLICATION, DISTRIBUTION, ETC.
Date of publication, distribution, etc. 2000
300 ## - PHYSICAL DESCRIPTION
Extent v, 180p.
Dimensions 30cm.
520 ## - SUMMARY, ETC.
Summary, etc. This thesis is an unpublished work and therefore cannot be photocopied without the author's permission.
690 ## - LOCAL SUBJECT ADDED ENTRY--TOPICAL TERM (OCLC, RLIN)
Topical term or geographic name as entry element PROPERTY-RESIDENTIAL PROPERTY-RESIDENTIAL PROPERTY FINANCE AND INVESTMENT-MORTGAGING RESIDENTIAL PROPERTY-MORTGAGE VALUATION
942 ## - ADDED ENTRY ELEMENTS (KOHA)
Suppress in OPAC 0
Holdings
Withdrawn status Lost status Source of classification or shelving scheme Damaged status Not for loan Home library Current library Shelving location Date acquired Total Checkouts Full call number Barcode Date last seen Copy number Price effective from Koha item type
    Dewey Decimal Classification     London London Basement 04/05/2000   SHELF 118 30061226 06/08/2019 1 06/08/2019 Reference material